00271nam a2200085Ia 4500008004100000041000800041100002000049245007900069260003700148241105s9999 xx 000 0 und d aeng aChitnis Pallavi aPost Occupancy Evaluation For Lighting Performance Of Rated Office In Pune bM.Arch Environmental, Punec2013